| 000 | 00835nam a2200229 a 4500 | ||
|---|---|---|---|
| 005 | 20140310183314.0 | ||
| 008 | 051017s19uu xx 00 eng d | ||
| 020 | _a0761931961 | ||
| 050 |
_aLC 3969 _b.Sh36 2005 |
||
| 100 | _aShelton, Carla F. | ||
| 245 |
_aThe exceptional teacher's handbook : _bthe first-year special education teacher's guide toi success / _cCarla F. Shelton, Alice B. Pollingue. |
||
| 250 | _a2nd ed. | ||
| 260 |
_aCalif : _bCorwin Press, _cc2005. |
||
| 300 |
_axix, 217 p. : _bill. ; _c28 cm. |
||
| 521 | _aEDU | ||
| 650 |
_aSpecial education _xUnited States _xHandbooks, manuals ,etc. |
||
| 650 |
_aSpecial education teachers _xHandbooks, manuals ,etc. |
||
| 650 |
_aFirst year teachers _xUnited States _xHandbooks, manuals ,etc. |
||
| 700 | _aPollingue, Alice B. | ||
| 942 |
_cBK _2lcc _kFOR |
||
| 999 |
_c21229 _d21229 |
||